Lập trình thiết kế với AutoLISP và Visual LISP; T1
Gorde:
| Egile nagusia: | |
|---|---|
| Formatua: | Liburua |
| Hizkuntza: | Undetermined |
| Argitaratua: |
Tp. HCM
Tp. HCM
2003
|
| Gaiak: | |
| Etiketak: |
Etiketa erantsi
Etiketarik gabe, Izan zaitez lehena erregistro honi etiketa jartzen!
|
| Thư viện lưu trữ: | Trung tâm Học liệu Trường Đại học Cần Thơ |
|---|
| LEADER | 00596nam a2200193Ia 4500 | ||
|---|---|---|---|
| 001 | CTU_59951 | ||
| 008 | 210402s9999 xx 000 0 und d | ||
| 020 | |b 33000 | ||
| 082 | |a 005.133 | ||
| 082 | |b L451/T1 | ||
| 100 | |a Nguyễn Hữu Lộc | ||
| 245 | 0 | |a Lập trình thiết kế với AutoLISP và Visual LISP; T1 | |
| 245 | 0 | |c Nguyễn Hữu Lộc và Nguyễn Thanh Trung | |
| 260 | |a Tp. HCM | ||
| 260 | |b Tp. HCM | ||
| 260 | |c 2003 | ||
| 650 | |a lisp ( computer program language ) | ||
| 904 | |i Minh | ||
| 980 | |a Trung tâm Học liệu Trường Đại học Cần Thơ | ||